[Event "BL2 Sued 1819 (Women)"]
[Site "Germany"]
[Date "2019.01.12"]
[Round "6.2"]
[White "Horther Schneider, Elsbeth"]
[Black "Gerlach, Manuela"]
[Result "1/2-1/2"]
[WhiteElo "1864"]
[BlackElo "2061"]
[PlyCount "78"]
[EventDate "2018.10.27"]
[EventType "team-tourn"]
[EventRounds "7"]
[EventCountry "GER"]
[SourceTitle "CBM 190 Extra"]
[Source "ChessBase"]
[SourceDate "2019.07.15"]
[SourceVersion "1"]
[SourceVersionDate "2019.07.15"]
[SourceQuality "1"]
[WhiteTeam "Regensburg Bavaria (W)"]
[BlackTeam "Mainz Schott (W)"]
[WhiteTeamCountry "GER"]
[BlackTeamCountry "GER"]

1. e4 g6 2. d4 Bg7 3. Nf3 d6 4. Bc4 c6 5. c3 Nf6 6. e5 Nd5 7. 0-0 0-0 8. Re1 Qc7 9. Bxd5 cxd5 10. Bf4 dxe5 11. Nxe5 Qb6 12. Qd2 Re8 13. Na3 Nd7 14. Nc2 Nf6 15. f3 Be6 16. Nb4 Nd7 17. Nbd3 Nxe5 18. Nxe5 Rac8 19. Re2 Qa6 20. Nd3 b6 21. a3 Bf5 22. Rd1 Bxd3 23. Qxd3 Qxd3 24. Rxd3 b5 25. h3 a5 26. Rd1 Rc4 27. Bd6 e6 28. Rd3 Bf8 29. Bxf8 Kxf8 30. Kf2 Rec8 31. Ke3 b4 32. cxb4 axb4 33. b3 R4c6 34. axb4 Rb6 35. Rb2 Rxb4 36. Kd2 Ke7 37. Rc2 Rcb8 38. Rc7+ Kf6 39. Rcc3 Ke7 1/2-1/2

[Event "Landesliga Nord 1314"]
[Site "Bayern"]
[Date "2014.01.19"]
[Round "5.7"]
[White "Birkmann, Guenther"]
[Black "Gerlach, Manuela"]
[Result "1-0"]
[WhiteElo "2052"]
[BlackElo "2056"]
[PlyCount "53"]
[EventDate "2013.10.13"]
[EventType "team"]
[EventRounds "9"]
[EventCountry "GER"]
[SourceTitle "EXT 2015"]
[Source "ChessBase"]
[SourceDate "2014.11.20"]
[SourceVersion "1"]
[SourceVersionDate "2014.11.20"]
[SourceQuality "1"]
[WhiteTeam "Zirndorf"]
[BlackTeam "Obernau"]
[WhiteTeamCountry "GER"]
[BlackTeamCountry "GER"]

1. Nf3 g6 2. c4 Bg7 3. d4 d6 4. e4 c6 5. Nc3 Bg4 6. Be3 Qb6 7. Qd2 Bxf3 8. gxf3 Nd7 9. f4 Ngf6 10. Be2 0-0-0 11. d5 c5 12. Rb1 Qa5 13. 0-0 h5 14. f3 a6 15. a3 Qc7 16. b4 h4 17. Na4 b6 18. bxc5 bxc5 19. Rb3 Nh5 20. Rfb1 e5 21. dxe6 fxe6 22. Nb6+ Nxb6 23. Rxb6 Rhf8 24. Qa5 Rd7 25. Qxa6+ Kd8 26. Rb7 Qc8 27. Rb8 1-0

[Event "Landesliga Nord 1314"]
[Site "Bayern"]
[Date "2013.10.13"]
[Round "1.7"]
[White "Wulfmeyer, Johannes"]
[Black "Gerlach, Manuela"]
[Result "1-0"]
[WhiteElo "2227"]
[BlackElo "2056"]
[PlyCount "109"]
[EventDate "2013.10.13"]
[EventType "team"]
[EventRounds "9"]
[EventCountry "GER"]
[SourceTitle "EXT 2015"]
[Source "ChessBase"]
[SourceDate "2014.11.20"]
[SourceVersion "1"]
[SourceVersionDate "2014.11.20"]
[SourceQuality "1"]
[WhiteTeam "Nuernberg NT II"]
[BlackTeam "Obernau"]
[WhiteTeamCountry "GER"]
[BlackTeamCountry "GER"]

1. c4 g6 2. g3 Bg7 3. Bg2 d6 4. Nc3 e5 5. d3 Nf6 6. e4 Nc6 7. Nge2 0-0 8. 0-0 Nd4 9. Nxd4 exd4 10. Ne2 Ne8 11. Rb1 Rb8 12. b4 f5 13. b5 Be6 14. exf5 Bxf5 15. Bb2 Bg4 16. f3 Bd7 17. Bxd4 Qg5 18. Bxg7 Nxg7 19. Qc1 Qf6 20. Qc3 Nf5 21. Qxf6 Rxf6 22. Nc3 Ne3 23. Rfe1 Nxg2 24. Kxg2 Rbf8 25. f4 R6f7 26. Ne4 Re8 27. Kf2 Kg7 28. Ng5 Rfe7 29. Rxe7+ Rxe7 30. Re1 Rxe1 31. Kxe1 h6 32. Ne4 Kf7 33. Kd2 Ke6 34. Ke3 c6 35. bxc6 bxc6 36. c5 d5 37. Nd6 Kf6 38. Kf3 h5 39. a3 Bg4+ 40. Ke3 Be6 41. Kd4 Bd7 42. Kc3 Ke7 43. Kb4 Kd8 44. Nf7+ Kc7 45. Ne5 Bf5 46. Kc3 Kb7 47. Kd4 Kc7 48. Ke3 Kb7 49. Kd4 Kc7 50. h3 Bxh3 51. Nxg6 Kd7 52. Ke5 Bf1 53. d4 Bd3 54. Kf6 a5 55. Ne5+ 1-0

[Event "Landesliga Nord 1112"]
[Site "Bayern"]
[Date "2012.01.15"]
[Round "5.6"]
[White "Gerlach, Manuela"]
[Black "Ter Akopyan, Bagrat"]
[Result "1/2-1/2"]
[WhiteElo "1972"]
[BlackElo "2050"]
[PlyCount "90"]
[EventDate "2011.10.02"]
[EventType "team-tourn"]
[EventRounds "9"]
[EventCountry "GER"]
[SourceTitle "EXT 2013"]
[Source "ChessBase"]
[SourceDate "2012.11.22"]
[SourceVersion "1"]
[SourceVersionDate "2012.11.22"]
[SourceQuality "1"]
[WhiteTeam "Obernau"]
[BlackTeam "Puschendorf"]
[WhiteTeamCountry "GER"]
[BlackTeamCountry "GER"]

1. d4 g6 2. Nf3 Bg7 3. c3 d6 4. Bf4 Nf6 5. h3 Nc6 6. e3 0-0 7. Be2 Nd7 8. 0-0 e5 9. dxe5 Ndxe5 10. Nbd2 Qe7 11. Nd4 a6 12. a4 Bd7 13. N2f3 Na5 14. Bg5 f6 15. Bh4 c5 16. Nb3 Nac4 17. Nbd2 Nxd2 18. Qxd2 Bc6 19. Rfd1 Rad8 20. Nxe5 dxe5 21. Qc2 g5 22. Bg3 f5 23. f3 f4 24. Bc4+ Kh8 25. exf4 gxf4 26. Bf2 e4 27. fxe4 Bxe4 28. Re1 Rfe8 29. Bh4 Qxh4 30. Rxe4 Qg3 31. Rxe8+ Rxe8 32. Rf1 Qe3+ 33. Qf2 Re4 34. Bd5 Rxa4 35. Bxb7 Ra2 36. Kh1 Qxf2 37. Rxf2 Bxc3 38. Bxa6 Bxb2 39. Bc4 Ra1+ 40. Rf1 Rc1 41. Rxc1 Bxc1 42. Kg1 Kg7 43. Kf2 Kf6 44. Ke2 Ke5 45. Kd3 h5 1/2-1/2

[Event "BL2 Sued 0102 (Women)"]
[Site "Germany"]
[Date "2002.03.02"]
[Round "6.1"]
[White "Gerlach, Manuela"]
[Black "Plass, Mariana Camelia"]
[Result "1-0"]
[WhiteElo "2069"]
[BlackElo "2124"]
[PlyCount "87"]
[EventDate "2001.10.27"]
[EventType "team-tourn"]
[EventRounds "7"]
[EventCountry "GER"]
[SourceTitle "EXT 2003"]
[Source "ChessBase"]
[SourceDate "2002.11.25"]
[SourceVersion "1"]
[SourceVersionDate "2002.11.25"]
[SourceQuality "1"]
[WhiteTeam "Schott Mainz"]
[BlackTeam "Dortmund Brackel"]
[WhiteTeamCountry "GER"]
[BlackTeamCountry "GER"]

1. d4 Nf6 2. Nf3 g6 3. c4 Bg7 4. Nc3 d5 5. e3 0-0 6. Bd3 c5 7. h3 Nc6 8. 0-0 cxd4 9. exd4 Nb4 10. Be2 Be6 11. a3 Nc6 12. c5 Ne4 13. Bf4 Nxc3 14. bxc3 b6 15. cxb6 axb6 16. Qd2 Na5 17. Rfb1 Nc4 18. Bxc4 dxc4 19. Rb4 Ra6 20. Bh6 Qa8 21. Bxg7 Kxg7 22. Ne5 Rc8 23. a4 f6 24. Ng4 Bxg4 25. hxg4 Qd5 26. Qe2 Rc7 27. Re1 Kf7 28. Qd2 Kg7 29. Qf4 Qd7 30. g5 fxg5 31. Qxg5 Ra5 32. Qf4 Rf5 33. Qg3 Rc6 34. Re5 e6 35. Reb5 Rxb5 36. Rxb5 Qf7 37. Qe5+ Qf6 38. Qb8 Qf8 39. Qb7+ Kh6 40. Qxc6 Qf4 41. Qf3 Qc1+ 42. Kh2 Kg7 43. Qg3 Qa3 44. Rxb6 1-0

[Event "Regionalliga NW 0102"]
[Site "Bayern"]
[Date "2002.02.24"]
[Round "6.5"]
[White "Gerlach, Manuela"]
[Black "Vogt, Thomas"]
[Result "0-1"]
[WhiteElo "1985"]
[BlackElo "2015"]
[PlyCount "134"]
[EventDate "2001.10.07"]
[EventType "team-tourn"]
[EventRounds "9"]
[EventCountry "GER"]
[SourceTitle "EXT 2003"]
[Source "ChessBase"]
[SourceDate "2002.11.25"]
[SourceVersion "1"]
[SourceVersionDate "2002.11.25"]
[SourceQuality "1"]
[WhiteTeam "Obernau"]
[BlackTeam "Wuerzburg II"]
[WhiteTeamCountry "GER"]
[BlackTeamCountry "GER"]

1. d4 Nf6 2. Nf3 e6 3. Bf4 c5 4. c3 b6 5. e3 Be7 6. h3 0-0 7. Bd3 Bb7 8. Nbd2 d5 9. 0-0 Nc6 10. Ne5 c4 11. Bc2 b5 12. a3 a5 13. Qe2 b4 14. axb4 axb4 15. g4 b3 16. Rxa8 Qxa8 17. Bb1 Nxe5 18. Bxe5 Nd7 19. Bf4 f6 20. Nf3 Re8 21. g5 Qc8 22. gxf6 Bxf6 23. Ng5 Bxg5 24. Bxg5 Nf8 25. f4 e5 26. fxe5 Qxh3 27. Rf2 Bc8 28. Rh2 Qg3+ 29. Rg2 Qh3 30. Bf6 g6 31. e4 Be6 32. exd5 Bxd5 33. Be4 Qe6 34. Bxd5 Qxd5 35. Qe3 Ra8 36. Qh6 Ra1+ 37. Kh2 Qf7 38. Rf2 Rd1 39. Bh4 Qe8 40. Bf6 Qf7 41. Bh4 Qe8 42. Bf6 Qd7 43. Rg2 Rd3 44. Rg3 Rxg3 45. Kxg3 Ne6 46. Qh3 Qd5 47. Qg4 Kf7 48. Qh4 Kg8 49. Qg4 Qc6 50. Bg5 Kf7 51. Bh6 Qh1 52. Be3 h5 53. Qf3+ Qxf3+ 54. Kxf3 Nc7 55. Kg3 Nd5 56. Bd2 Ke6 57. Kh4 Kf5 58. Bc1 Ke4 59. Kg5 Kd3 60. e6 Kc2 61. Bf4 Kxb2 62. Bd6 Ka2 63. e7 Nxe7 64. Bxe7 b2 65. d5 b1Q 66. d6 Qf5+ 67. Kh4 Qg4# 0-1

[Event "Regionalliga NW 0102"]
[Site "Bayern"]
[Date "2002.02.03"]
[Round "5.5"]
[White "Nuernberger, Stefan"]
[Black "Gerlach, Manuela"]
[Result "0-1"]
[WhiteElo "2015"]
[BlackElo "1985"]
[PlyCount "110"]
[EventDate "2001.10.07"]
[EventType "team-tourn"]
[EventRounds "9"]
[EventCountry "GER"]
[SourceTitle "EXT 2003"]
[Source "ChessBase"]
[SourceDate "2002.11.25"]
[SourceVersion "1"]
[SourceVersionDate "2002.11.25"]
[SourceQuality "1"]
[WhiteTeam "Marktleuthen"]
[BlackTeam "Obernau"]
[WhiteTeamCountry "GER"]
[BlackTeamCountry "GER"]

1. d4 g6 2. Nf3 Bg7 3. e3 Nf6 4. c4 d6 5. Nc3 Nbd7 6. Be2 0-0 7. 0-0 c6 8. b4 Re8 9. a4 e5 10. Qc2 Qc7 11. Ba3 Bf8 12. Rfd1 Be7 13. b5 Nf8 14. dxe5 dxe5 15. Bxe7 Qxe7 16. h3 Be6 17. e4 Bc8 18. Qd2 Nh5 19. Qd6 Nf4 20. Bf1 Bd7 21. Qxe7 Rxe7 22. Rd6 Kg7 23. Kh2 f6 24. g3 N4e6 25. a5 Nc5 26. a6 cxb5 27. axb7 Nxb7 28. Rda6 Nc5 29. Rxa7 Rxa7 30. Rxa7 b4 31. Nd5 Rf7 32. Nxb4 Nxe4 33. Kg2 Bxh3+ 34. Kxh3 Rxa7 35. Kg2 Ne6 36. Ne1 Nd4 37. Ned3 Kf7 38. c5 Ke6 39. Nb2 Nxc5 40. Bc4+ Kd7 41. Nd5 f5 42. Ne3 Rb7 43. Nbd1 Ne4 44. Bd5 Rc7 45. Nc4 Nf6 46. Nb6+ Ke8 47. Ne3 Rc5 48. Ba2 f4 49. gxf4 exf4 50. Ned5 Nxd5 51. Nxd5 f3+ 52. Kg3 Kf8 53. Nf4 Ne2+ 54. Kg4 Nxf4 55. Kxf4 Rc2 0-1

[Event "BL2 Sued 0001 (Women)"]
[Site "Germany"]
[Date "2001.??.??"]
[Round "?"]
[White "Ehret, Rebecca"]
[Black "Gerlach, Manuela"]
[Result "1/2-1/2"]
[WhiteElo "2059"]
[BlackElo "2075"]
[PlyCount "96"]
[EventDate "2000.??.??"]
[EventType "team-tourn"]
[EventRounds "7"]
[EventCountry "GER"]
[SourceTitle "EXT 2002"]
[Source "ChessBase"]
[SourceDate "2001.11.25"]
[SourceVersion "1"]
[SourceVersionDate "2001.11.25"]
[SourceQuality "1"]

1. e4 g6 2. g3 Bg7 3. Bg2 d6 4. Nc3 Nf6 5. d3 0-0 6. f4 c5 7. Nf3 Nc6 8. 0-0 Nd4 9. h3 e6 10. Be3 Nd7 11. Bf2 Nxf3+ 12. Bxf3 Nb8 13. Rb1 Nc6 14. Qd2 Nd4 15. Bg2 Bd7 16. Nd1 Rc8 17. c3 Nc6 18. Ne3 b5 19. g4 a5 20. f5 Ne5 21. Bg3 Bc6 22. Rbd1 Qe7 23. Qf2 exf5 24. gxf5 f6 25. fxg6 hxg6 26. h4 Bd7 27. Nd5 Qd8 28. d4 cxd4 29. Qxd4 Bg4 30. Rde1 Rc4 31. Qe3 Be6 32. Nf4 Bg4 33. Bh2 Qc8 34. Nd5 Qc5 35. Qxc5 Rxc5 36. Bg3 Kh7 37. Bf2 Rcc8 38. Bb6 a4 39. Bc7 Nf7 40. Rf4 Bd7 41. Ba5 Ne5 42. Bf1 g5 43. Rf2 gxh4 44. Nb6 Rb8 45. Nxd7 Nxd7 46. Bc7 Rb7 47. Bxd6 Rg8 48. Kh1 Ne5 1/2-1/2

[Event "BL2 SW 9394 (Women)"]
[Site "Germany"]
[Date "1994.??.??"]
[Round "?"]
[White "Nagrocka, Ewa"]
[Black "Gerlach, Manuela"]
[Result "1-0"]
[WhiteElo "2140"]
[BlackElo "2085"]
[PlyCount "95"]
[EventDate "1993.??.??"]
[EventType "team-tourn"]
[EventRounds "7"]
[EventCountry "GER"]
[SourceTitle "EXT 2002"]
[Source "ChessBase"]
[SourceDate "2001.11.25"]
[SourceVersion "1"]
[SourceVersionDate "2001.11.25"]
[SourceQuality "1"]

1. d4 Nf6 2. Nf3 g6 3. Bg5 Ne4 4. Bh4 Bg7 5. c3 d5 6. Nbd2 c5 7. dxc5 Nxc5 8. e3 0-0 9. Be2 Nc6 10. 0-0 Re8 11. Nd4 Qb6 12. b4 Nd7 13. b5 Na5 14. f4 e5 15. fxe5 Nxe5 16. Bf2 Nac4 17. Nxc4 dxc4 18. e4 Qc7 19. a4 b6 20. Ra2 Bb7 21. Bf3 Nd3 22. Bg3 Qc5 23. e5 Bxf3 24. Qxf3 Rf8 25. a5 Nxe5 26. Bxe5 Bxe5 27. axb6 Bxd4+ 28. cxd4 Qxd4+ 29. Kh1 Qxb6 30. Qd5 Qe6 31. Qxe6 fxe6 32. Re1 Rf5 33. b6 Raf8 34. g4 Rf1+ 35. Rxf1 Rxf1+ 36. Kg2 Rf8 37. bxa7 Ra8 38. Kf3 Kf7 39. Ke4 Ke7 40. Kd4 c3 41. Kxc3 Kd6 42. Kd4 Kd7 43. Ke5 Ke7 44. g5 Kd7 45. Ra6 Ke7 46. Rxe6+ Kf7 47. Ra6 Re8+ 48. Kd5 1-0

[Event "BL 9293 (Women)"]
[Site "Germany"]
[Date "1993.02.13"]
[Round "10.3"]
[White "Gerlach, Manuela"]
[Black "Nuenchert, Eveline"]
[Result "0-1"]
[WhiteElo "2070"]
[BlackElo "2115"]
[PlyCount "100"]
[EventDate "1992.10.03"]
[EventType "team-tourn"]
[EventRounds "11"]
[EventCountry "GER"]
[SourceTitle "EXT 1997"]
[Source "ChessBase"]
[SourceDate "1996.11.15"]
[SourceVersion "1"]
[SourceVersionDate "1996.11.15"]
[SourceQuality "1"]
[WhiteTeam "Schott Mainz"]
[BlackTeam "Potsdam USV"]
[WhiteTeamCountry "GER"]
[BlackTeamCountry "GER"]

1. d4 Nf6 2. Nf3 e6 3. c4 c5 4. d5 exd5 5. cxd5 d6 6. Nc3 g6 7. Bf4 a6 8. a4 Bg7 9. e4 0-0 10. Be2 Re8 11. Nd2 Qc7 12. 0-0 Nbd7 13. Bg3 h6 14. f4 Nh7 15. Qc2 b6 16. Nc4 Bd4+ 17. Kh1 Kg7 18. Bf3 Rb8 19. Rfe1 b5 20. axb5 axb5 21. Na5 Rb6 22. Nc6 Bb7 23. Nxb5 Rxb5 24. Nxd4 Rb4 25. Ne2 Qb6 26. Ra2 Ba6 27. Rea1 Bc4 28. Ra4 Nhf6 29. Rxb4 Qxb4 30. Ra4 Bb3 31. Rxb4 Bxc2 32. Rb7 Bxe4 33. Bxe4 Rxe4 34. Nc3 Rb4 35. Rxb4 cxb4 36. Nb5 Nxd5 37. Nxd6 f5 38. Kg1 Kf6 39. Be1 Nc5 40. Bf2 Nd3 41. Bd4+ Ke6 42. Nb7 N5xf4 43. Kf1 Kd5 44. Bf6 Ne6 45. Ke2 Ndf4+ 46. Kf3 g5 47. Be7 Nd4+ 48. Kf2 Nd3+ 49. Ke3 Nxb2 50. Bxb4 Nc2+ 0-1

[Event "4 Laender-Cup (Women)"]
[Site "Germany"]
[Date "1993.??.??"]
[Round "?"]
[White "Gerlach, Manuela"]
[Black "Horvath, Maria"]
[Result "1/2-1/2"]
[WhiteElo "2070"]
[BlackElo "2075"]
[PlyCount "67"]
[EventDate "1993.??.??"]
[EventType "team-tourn"]
[EventRounds "3"]
[EventCountry "GER"]
[SourceTitle "EXT 2004"]
[Source "ChessBase"]
[SourceDate "2003.11.25"]
[SourceVersion "1"]
[SourceVersionDate "2003.11.25"]
[SourceQuality "1"]
[WhiteTeam "Bayern Muenchen"]
[BlackTeam "Austria"]
[WhiteTeamCountry "GER"]
[BlackTeamCountry "AUT"]

1. d4 e6 2. Nf3 f5 3. g3 Nf6 4. Bg2 c6 5. 0-0 d5 6. c4 Bd6 7. Nc3 0-0 8. Bf4 Bxf4 9. gxf4 Bd7 10. b4 Qe8 11. Ne5 Qh5 12. e3 Qh6 13. Qf3 Be8 14. Rac1 Nbd7 15. a4 Nxe5 16. dxe5 Ne4 17. Nxe4 dxe4 18. Qg3 c5 19. b5 Bh5 20. f3 exf3 21. Bxf3 Bxf3 22. Qxf3 Rad8 23. Rcd1 Qg6+ 24. Kh1 Qf7 25. Rd6 Rxd6 26. exd6 Rd8 27. Rd1 Rd7 28. e4 fxe4 29. Qxe4 Qf5 30. Qe5 Qg4 31. Rd3 Qf5 32. Re3 Kf7 33. a5 b6 34. Re1 1/2-1/2

[Event "4 Laender-Cup (Women)"]
[Site "Germany"]
[Date "1993.??.??"]
[Round "?"]
[White "Martynova, Irina"]
[Black "Gerlach, Manuela"]
[Result "0-1"]
[WhiteElo "1950"]
[BlackElo "2070"]
[PlyCount "124"]
[EventDate "1993.??.??"]
[EventType "team-tourn"]
[EventRounds "3"]
[EventCountry "GER"]
[SourceTitle "EXT 2004"]
[Source "ChessBase"]
[SourceDate "2003.11.25"]
[SourceVersion "1"]
[SourceVersionDate "2003.11.25"]
[SourceQuality "1"]
[WhiteTeam "Wuerttemberg"]
[BlackTeam "Bayern Muenchen"]
[WhiteTeamCountry "GER"]
[BlackTeamCountry "GER"]

1. c4 g6 2. Nc3 Bg7 3. d4 d6 4. Nf3 Nf6 5. e4 0-0 6. Be2 e5 7. dxe5 dxe5 8. Qxd8 Rxd8 9. Bg5 Re8 10. Rd1 h6 11. Bh4 Bg4 12. 0-0 Nc6 13. Nb5 Rac8 14. Bxf6 Bxf6 15. Nfd4 Bxe2 16. Nxe2 a6 17. Nbc3 Nd4 18. Rfe1 c6 19. Rd3 Rcd8 20. Red1 Ne6 21. b4 Kf8 22. Rd7 Rxd7 23. Rxd7 Re7 24. Rd6 Ke8 25. Kf1 Rd7 26. Rxd7 Kxd7 27. Ke1 Be7 28. c5 a5 29. a3 axb4 30. axb4 b6 31. cxb6 Bxb4 32. Kd1 Ba5 33. Na4 Kc8 34. Kc2 Kb7 35. Kb3 Bxb6 36. Nxb6 Kxb6 37. Kc4 Nf4 38. Nc3 Nxg2 39. Na4+ Kc7 40. Kc5 Nf4 41. Nb2 Ne6+ 42. Kb4 Nd4 43. Nc4 f6 44. Kc5 h5 45. Nd2 Kd7 46. Kc4 Ke6 47. Kc5 f5 48. exf5+ Kxf5 49. Nc4 Nf3 50. Kxc6 Nxh2 51. Kd5 Ng4 52. f3 Nf6+ 53. Kd6 h4 54. Ne3+ Kf4 55. Ng2+ Kg3 56. Nxh4 Kxh4 57. Kxe5 Nh5 58. Ke4 Kg3 59. Ke3 Nf4 60. Ke4 Ng2 61. Ke5 Kxf3 62. Kf6 Nf4 0-1

[Event "BL 9192 (Women)"]
[Site "Germany"]
[Date "1992.??.??"]
[Round "?"]
[White "Daemering, Katrin"]
[Black "Gerlach, Manuela"]
[Result "1-0"]
[WhiteElo "2085"]
[BlackElo "2075"]
[PlyCount "73"]
[EventDate "1991.10.??"]
[EventType "team-tourn"]
[EventRounds "11"]
[EventCountry "GER"]
[SourceTitle "EXT 1997"]
[Source "ChessBase"]
[SourceDate "1996.11.15"]
[SourceVersion "1"]
[SourceVersionDate "1996.11.15"]
[SourceQuality "1"]

1. e4 g6 2. d4 Bg7 3. Nc3 d6 4. Be3 Nf6 5. f3 c6 6. Qd2 b5 7. Bd3 Nbd7 8. Bh6 0-0 9. h4 Qb6 10. Nge2 a6 11. h5 e5 12. hxg6 fxg6 13. d5 c5 14. Ng1 Bxh6 15. Qxh6 c4 16. Be2 Nc5 17. Nh3 Bxh3 18. Rxh3 Rf7 19. 0-0-0 Qa5 20. a3 b4 21. Nb1 bxa3 22. bxa3 Rb8 23. Qe3 Rfb7 24. Nc3 Qxa3+ 25. Kd2 Na4 26. Nxa4 Qxa4 27. Qc3 Rc7 28. Ra1 Qb5 29. Rhh1 Nd7 30. Rhb1 Qc5 31. Rxb8+ Nxb8 32. Rb1 Rc8 33. Rb4 Qa5 34. Rxc4 Qxc3+ 35. Kxc3 Rxc4+ 36. Kxc4 Kf7 37. Kb4 1-0

[Event "BL 9192 (Women)"]
[Site "Germany"]
[Date "1992.??.??"]
[Round "?"]
[White "Gerlach, Manuela"]
[Black "Burchardt, Brigitte"]
[Result "1/2-1/2"]
[WhiteElo "2075"]
[BlackElo "2245"]
[PlyCount "62"]
[EventDate "1991.10.??"]
[EventType "team-tourn"]
[EventRounds "11"]
[EventCountry "GER"]
[SourceTitle "EXT 1997"]
[Source "ChessBase"]
[SourceDate "1996.11.15"]
[SourceVersion "1"]
[SourceVersionDate "1996.11.15"]
[SourceQuality "1"]

1. d4 e6 2. Nf3 f5 3. g3 Nf6 4. Bg2 d5 5. 0-0 Bd6 6. c4 c6 7. Bf4 Bxf4 8. gxf4 0-0 9. Nbd2 Nbd7 10. e3 b6 11. Rc1 Bb7 12. b4 Qe7 13. Qb3 a5 14. cxd5 Nxd5 15. bxa5 Rxa5 16. Nc4 Rb5 17. Qc2 Ra8 18. a3 c5 19. Rfd1 cxd4 20. Nxd4 Rc5 21. Qb2 Rac8 22. Nd2 Rxc1 23. Rxc1 Rxc1+ 24. Qxc1 Nc5 25. Nc4 Qd8 26. Qc2 g5 27. fxg5 Qxg5 28. Nf3 Qg7 29. Qb2 Qxb2 30. Nxb2 Nc3 31. Nd4 Bxg2 1/2-1/2

[Event "BL 9192 (Women)"]
[Site "Germany"]
[Date "1992.??.??"]
[Round "?"]
[White "Gerlach, Manuela"]
[Black "Heintze, Marion"]
[Result "0-1"]
[WhiteElo "2075"]
[BlackElo "2220"]
[PlyCount "80"]
[EventDate "1991.10.??"]
[EventType "team-tourn"]
[EventRounds "11"]
[EventCountry "GER"]
[SourceTitle "EXT 1997"]
[Source "ChessBase"]
[SourceDate "1996.11.15"]
[SourceVersion "1"]
[SourceVersionDate "1996.11.15"]
[SourceQuality "1"]

1. d4 d5 2. Nf3 e6 3. c4 f5 4. g3 Nf6 5. Bg2 c6 6. 0-0 Bd6 7. b3 0-0 8. Ba3 f4 9. gxf4 Bxa3 10. Nxa3 Ne4 11. e3 Rf6 12. Nc2 Rh6 13. Ne5 Nd7 14. Ne1 Nxe5 15. dxe5 Qh4 16. Nf3 Qh5 17. h3 Bd7 18. Nd4 Qh4 19. Rc1 Rg6 20. Rc2 Qxh3 21. f3 Nc5 22. Rff2 Na6 23. f5 exf5 24. e6 Be8 25. cxd5 cxd5 26. Ne2 Qh4 27. Nf4 Rh6 28. Nxd5 Qh2+ 29. Kf1 Bb5+ 30. Ke1 Qg1+ 31. Bf1 Rxe6 32. a4 Bxf1 33. Rxf1 Qg3+ 34. Kd2 Qe5 35. Kc1 Rd6 36. e4 fxe4 37. fxe4 Qxe4 38. Rd2 Rc8+ 39. Kb2 Qe5+ 40. Ka2 Rxd5 0-1

[Event "4 Laender-Cup (Women)"]
[Site "Ingolstadt"]
[Date "1990.??.??"]
[Round "?"]
[White "Borek, Jutta"]
[Black "Gerlach, Manuela"]
[Result "0-1"]
[WhiteElo "2060"]
[BlackElo "2145"]
[PlyCount "59"]
[EventDate "1990.??.??"]
[EventType "team-tourn"]
[EventRounds "3"]
[EventCountry "GER"]
[SourceTitle "EXT 2004"]
[Source "ChessBase"]
[SourceDate "2003.11.25"]
[SourceVersion "1"]
[SourceVersionDate "2003.11.25"]
[SourceQuality "1"]

1. c4 e5 2. g3 Nf6 3. Bg2 d5 4. cxd5 Nxd5 5. Qa4+ c6 6. Nf3 Nd7 7. 0-0 Be7 8. a3 0-0 9. d3 a5 10. Bd2 Nc5 11. Qc2 f6 12. Nc3 a4 13. Nxd5 cxd5 14. Rad1 Nb3 15. e4 Be6 16. Nh4 Rc8 17. Qb1 d4 18. f4 Rf7 19. Nf5 Bf8 20. Kh1 Rfc7 21. Bf3 Rc2 22. Bb4 Bxb4 23. axb4 Nd2 24. Rxd2 Rxd2 25. Rc1 Rc7 26. Rc5 b6 27. Qc1 bxc5 28. Qxd2 c4 29. dxc4 Bxc4 30. Ne3 0-1